Biotechnology of perennial fruit crops (Record no. 40401)
[ view plain ]
| 000 -LEADER | |
|---|---|
| fixed length control field | 00619nam a2200229Ia 4500 |
| 082 ## - DEWEY DECIMAL CLASSIFICATION NUMBER | |
| Classification number | 573.6:634.1 |
| Item number | HAM |
| 245 #0 - TITLE STATEMENT | |
| Title | Biotechnology of perennial fruit crops |
| 260 ## - PUBLICATION, DISTRIBUTION, ETC. (IMPRINT) | |
| Place of publication | London |
| Name of publisher | CAB International |
| Year of publication | 1992 |
| 490 ## - SERIES STATEMENT | |
| Series statement | Biotechnology in Agriculture 8 |
| 650 ## - SUBJECT ADDED ENTRY--TOPICAL TERM | |
| Topical Term | Coconut |
| 650 ## - SUBJECT ADDED ENTRY--TOPICAL TERM | |
| Topical Term | Coffee |
| 650 ## - SUBJECT ADDED ENTRY--TOPICAL TERM | |
| Topical Term | Haploidy |
| 650 ## - SUBJECT ADDED ENTRY--TOPICAL TERM | |
| Topical Term | Invitro conservation |
| 650 ## - SUBJECT ADDED ENTRY--TOPICAL TERM | |
| Topical Term | Molecular markers |
| 650 ## - SUBJECT ADDED ENTRY--TOPICAL TERM | |
| Topical Term | Organogenesis |
| 650 ## - SUBJECT ADDED ENTRY--TOPICAL TERM | |
| Topical Term | Somaclonal variation |
| 650 ## - SUBJECT ADDED ENTRY--TOPICAL TERM | |
| Topical Term | Somatic embryogenesis |
| 700 ## - ADDED ENTRY--PERSONAL NAME | |
| Personal name | Hammerschlag, F A |
| 700 ## - ADDED ENTRY--PERSONAL NAME | |
| Personal name | Litz, R E |
| 942 ## - ADDED ENTRY ELEMENTS (KOHA) | |
| Koha item type | Books |
| Withdrawn status | Lost status | Damaged status | Not for loan | Home library | Current library | Date acquired | Cost, normal purchase price | Full call number | Accession Number | Koha item type |
|---|---|---|---|---|---|---|---|---|---|---|
| RRII Library | RRII Library | 16/12/2021 | 75.00 | 573.6:634.1 HAM | 20701 | Books |